00591nam a22001937i 45000010005000000030004000050050017000090070003000260080041000290240014000700240020000840400008001040410008001121000021001202450110001412600076002514900053003277000017003806264OSt20180914133409.0tu161220s2002 gw |||||||||||||||||ger d7 a62642RID7 a62642RSN (alt) cOSt ager1 aGreule, Albrecht00aSprachkulturen im Vergleich: Konsequenzen für Sprachpolitik und internationale Wirtschaftskommunikation aMünchen :bforost - Forschungsverbund Ost- und Südosteuropa,c2002. aforost Arbeitspapierev7/Oktober 2002x1613-03321 aJanich, Nina